Vplyv finančnej krízy na európsky bankový sektor diplomová práca

Uložené v:
Podrobná bibliografia
Hlavný autor: Motúz, Miroslav
Korporativný autor: Národohospodárska fakulta EU. Katedra bankovníctva a medzinárodných financií
Ďalší autori: Horvátová, Eva, 1958-
Médium: Kniha
Jazyk:Slovak
Vydavateľské údaje: Bratislava 2012
Tagy: Pridať tag
Žiadne tagy, Buďte prvý, kto otaguje tento záznam!

MARC

LEADER 00000nbm a2200000 4500
001 0153411
005 20161109102111.5
041 0 |a slo 
044 |a SK 
245 1 0 |a Vplyv finančnej krízy na európsky bankový sektor  |b diplomová práca  |c Miroslav Motúz ; školiteľ: Eva Horvátová 
264 1 |a Bratislava  |c 2012 
300 |a 68 s. 
100 1 |a Motúz, Miroslav 
700 1 |a Horvátová, Eva, 1958- 
710 2 |a Národohospodárska fakulta EU. Katedra bankovníctva a medzinárodných financií